Проблемы рационального размещения и использо вания библиотечных ресурсов в стране: Сборник научных трудов

Detalles Bibliográficos
Autor Corporativo: Государственная библиотека СССР им. В. И. Ленина
Otros Autores: Карташов Н. С. (редактор)
Lenguaje:ruso
Publicado: Москва, Изд-во ГБЛ, 1984
Materias:
Formato: Libro
KOHA link:https://koha.lib.tpu.ru/cgi-bin/koha/opac-detail.pl?biblionumber=72225

MARC

LEADER 00000nam0a2200000 4500
001 72225
005 20231101212631.0
020 |a RU  |b 85-18279 
035 |a (RuTPU)RU\TPU\book\77008 
090 |a 72225 
100 |a 20050114d1984 k a0rusy5003 ca 
101 0 |a rus 
102 |a RU 
105 |a y z 000zy 
200 1 |a Проблемы рационального размещения и использо вания библиотечных ресурсов в стране  |e Сборник научных трудов  |f Государственная библиотека СССР им. В. И. Ленина; Под ред. Н. С. Карташова 
210 |a Москва  |d 1984  |c Изд-во ГБЛ 
215 |a 177 с.  |d 21 см 
606 1 |a Библиотеки  |y России  |y СССР  |2 stltpush  |3 (RuTPU)RU\TPU\subj\28608  |9 52125 
610 1 |a библиотековедческие исследования 
610 1 |a сборники 
610 1 |a ресурсы библиотечные 
686 |a Ч734(2)  |v LBC/SL-A  |2 rubbk 
702 1 |a Карташов  |b Н. С.  |4 340 
712 0 2 |a Государственная библиотека СССР им. В. И. Ленина  |9 24199 
801 0 |a RU  |b RuMRKP  |c 19950704  |g psbo 
801 1 |a RU  |b 63413507  |c 20050114  |g PSBO 
801 2 |a RU  |b 63413507  |c 20181213  |g PSBO 
942 |c BK